| 000 | 00676cab a22001935a 4500 | ||
|---|---|---|---|
| 001 | L149956 | ||
| 008 | 100519e20100501xxk 000 0 eng d | ||
| 035 | _a(Sirsi) u149956 | ||
| 041 | 0 | _aeng | |
| 100 | 1 | _aEdwards, Simon | |
| 245 | 0 | 0 | _aTake pride in being unprejudiced |
| 260 | _c2010 | ||
| 490 |
_aEstates Gazette _v1017 1 May 2010, 90(1) |
||
| 520 | _aThe concept of bias within the property sector. Includes examples of perceived bias which can occur from, judges, adjudicators, arbitrators, independent experts, planning inspectors and expert witnesses. | ||
| 590 | _aKA | ||
| 651 | 4 |
_aEngland and Wales _y1543- |
|
| 690 |
_aDispute resolution _96236 |
||
| 942 | _n0 | ||
| 999 |
_c82348 _d82348 |
||